Euhedral calcite in carbonatic concretions from quaternary paleosol environment, Gyöngyösvisonta, Hungary

Elmentve itt :
Bibliográfiai részletek
Szerzők: Szilágyi V.
Szinger Balázs
Weiszburg Tamás G.
Horváth Z.
Mindszenty Andrea
Dokumentumtípus: Cikk
Megjelent: Department of Mineralogy, Geochemistry and Petrology, University of Szeged Szeged 2003
Sorozat:Acta mineralogica-petrographica 1
Acta mineralogica-petrographica : abstract series 1
Kulcsszavak:Földtan - előadáskivonat, Kőzettan - előadáskivonat, Ásványtan - előadáskivonat
Tárgyszavak:
Online Access:http://acta.bibl.u-szeged.hu/31402
LEADER 01149nab a2200265 i 4500
001 acta31402
005 20260212145244.0
008 161017s2003 hu o 000 eng d
022 |a 0324-6523, 1589-4835 
040 |a SZTE Egyetemi Kiadványok Repozitórium  |b hun 
041 |a eng 
100 1 |a Szilágyi V. 
245 1 0 |a Euhedral calcite in carbonatic concretions from quaternary paleosol environment, Gyöngyösvisonta, Hungary  |h [elektronikus dokumentum] /  |c  Szilágyi V. 
260 |a Department of Mineralogy, Geochemistry and Petrology, University of Szeged  |b Szeged  |c 2003 
300 |a 101 
490 0 |a Acta mineralogica-petrographica  |v 1 
490 0 |a Acta mineralogica-petrographica : abstract series  |v 1 
650 4 |a Természettudományok 
650 4 |a Föld- és kapcsolódó környezettudományok 
695 |a Földtan - előadáskivonat, Kőzettan - előadáskivonat, Ásványtan - előadáskivonat 
700 0 1 |a Szinger Balázs  |e aut 
700 0 1 |a Weiszburg Tamás G.  |e aut 
700 0 1 |a Horváth Z.  |e aut 
700 0 1 |a Mindszenty Andrea  |e aut 
856 4 0 |u http://acta.bibl.u-szeged.hu/31402/1/mineralogica_as_001_101.pdf  |z Dokumentum-elérés